000 00398nam a2200157Ia 4500
008 221030s9999 xx 000 0 und d
020 _a817700323
041 _aEnglish
082 _a105.23
_bChh
100 _aT. N. Chhabra
245 0 _aPrinciples & Practice Of Management
_cby T. N. Chhabra
260 _bDhanpat Rai Pub
_aDelhi
_c2003
300 _a915
650 _aBE Management
942 _cBK
999 _c1409
_d1409